000 00814nab a2200241 u 4500
001 16383
003 HDC
007 cr bn ---aaaaa
008 210220c xx dr|noo 0 a eng d
040 _aHDC
245 0 _aBig Bowl Ramen' Attracts Patrons To Restaurant In Chew Jetty
260 _a[No place] :
_b[publisher not identified],
_c[no date]
336 _atext
_2rdacontent
337 _acomputer
_2rdamedia
338 _aonline resource
_2rdacarrier
650 _aHalal food industry
_zMalaysia
_9218
650 _aRestaurants
_92152
710 _aMalaysian Digest
856 _zRequest full-text at [email protected]
942 _2lcc
942 _cNEWS
942 _kNWSO 004235
999 _c13699
_d13699